000
00290nam a2200121Ia 4500
100
_a
Miller/ Starr
942
_c
BK
654
_a
operation Research
245
_a
Executive Decisions & Operations Research
260
_b
Prentice Hall of India
_c
2001
082
_a
658.4
546
_a
ENGLISH
999
_c
20930
_d
20930